Environmental factors in neurodegenerative diseases /

Environmental Factors in Neurodegenerative Diseases, Volume One addresses contemporary advances in neurotoxicology, with thematic volumes providing authoritative review articles on key issues in the field. Updates in this new volume include chapters on Air pollution and neurodegenerative diseases, M...

Full description

Bibliographic Details
Corporate Author: ScienceDirect (Online service)
Format: eBook
Language:English
Language Notes:Text in English.
Published: [Place of publication not identified] : Academic Press, 2017.
Series:Advances in neurotoxicology ; v. 1.
Subjects:
Online Access:Connect to the full text of this electronic book

MARC

Tag First Indicator Second Indicator Subfields
LEADER 00000cam a2200000 i 4500
001 in00005762321
005 20260327152422.2
006 m o d
007 cr |n|||||||||
008 170927s2017 xx ob 000 0 eng d
040 |a YDX  |b eng  |e pn  |c YDX  |d N$T  |d IDEBK  |d EBLCP  |d N$T  |d OPELS  |d GZM  |d OHS  |d OCLCO  |d UPM  |d OCLCO  |d OCLCF  |d OCLCA  |d MEU  |d VT2  |d OCLCA  |d OCLCQ  |d OCLCO  |d OCLCQ  |d UKMGB  |d OCLCO  |d OCLCL  |d CLOUD  |d OCLCQ  |d OCLCO  |d OCLCL  |d COA 
015 |a GBC3F6879  |2 bnb 
016 7 |a 018531823  |2 Uk 
019 |a 1004563435  |a 1024081468  |a 1235841505  |a 1262673029  |a 1340100471 
020 |a 9780128127650  |q (electronic bk.) 
020 |a 0128127651  |q (electronic bk.) 
020 |z 9780128127643 
020 |z 0128127643 
024 8 |a (WaSeSS)ssj0001982541 
035 |a (OCoLC)1004724303  |z (OCoLC)1004563435  |z (OCoLC)1024081468  |z (OCoLC)1235841505  |z (OCoLC)1262673029  |z (OCoLC)1340100471 
037 |a 9780128127650  |b Ingram Content Group 
050 4 |a RC346  |b .E58 2017eb 
060 4 |a 2018 B-372 
060 4 |a WL 358.5 
072 7 |a HEA  |x 039000  |2 bisacsh 
072 7 |a MED  |x 014000  |2 bisacsh 
072 7 |a MED  |x 022000  |2 bisacsh 
072 7 |a MED  |x 112000  |2 bisacsh 
072 7 |a MED  |x 045000  |2 bisacsh 
082 0 4 |a 616.8  |2 23 
049 |a TXAM 
245 0 0 |a Environmental factors in neurodegenerative diseases /  |c edited by Michael Aschner, Lucio G. Costa. 
264 1 |a [Place of publication not identified] :  |b Academic Press,  |c 2017. 
300 |a 1 online resource 
336 |a text  |b txt  |2 rdacontent 
337 |a computer  |b c  |2 rdamedia 
338 |a online resource  |b cr  |2 rdacarrier 
505 8 |a 2.3. Exposure Assessment and Studies of Specific Pesticides2.3.1. Rotenone; 2.3.2. Paraquat; 2.3.3. Organochlorine Pesticides; 2.3.4. Specific Organochlorines; 2.3.5. Other Pesticide Associations; 2.4. Studies of Interaction Between Genes and Environment; 3. Experimental Evidence; 3.1. Pesticides and Nigrostriatal Degeneration: Rotenone and Paraquat; 3.1.1. Rotenone; 3.1.2. Paraquat; 3.2. Rotenone, Paraquat, and [alpha]-Synuclein; 3.2.1. [alpha]-Synuclein and Rotenone; 3.2.2. [alpha]-Synuclein and Paraquat; 3.3. Additional Features of PD-Relevant Pesticides 
505 0 |a Front Cover; Environmental Factors in Neurodegenerative Diseases; Copyright; Contents; Contributors; Preface; Chapter One: Traffic-Related Air Pollution and Neurodegenerative Diseases: Epidemiological and Experimental Evidence, and ... ; 1. Introduction; 2. The CNS as a Target for Air Pollution Toxicity; 2.1. Neurotoxicity in Adults: Epidemiological and Animal Studies; 2.2. Developmental Neurotoxicity; 3. Air Pollution and Neurodegenerative Diseases; 3.1. Air Pollution and PD; 3.2. Air Pollution and Amyotrophic Lateral Sclerosis; 3.3. Air Pollution and Multiple Sclerosis 
505 8 |a 3.4. Air Pollution and Alzheimer's Disease and Other Dementias4. Possible Mechanisms Linking Air Pollution to Neurodegeneration; 4.1. Adult Neurogenesis; 4.2. MicroRNAs; 4.3. Telomere Length; 4.4. Reelin; 4.5. Glutamate; 5. Conclusion and Research Needs; Acknowledgments; References; Further Reading; Chapter Two: The Catecholaminergic Neurotransmitter System in Methylmercury-Induced Neurotoxicity; 1. Introduction; 2. The Catecholaminergic Neurotransmitter System: General Aspects; 3. Catecholamines in Neurological and Neuropsychiatric Disorders 
505 8 |a 4. The Catecholaminergic Neurotransmitter System as a Potential Target of Neurotoxicants and Related Consequences5. Methylmercury: General Aspects and Major Mechanisms of Neurotoxicity; 6. Methylmercury-Mediated Catecholaminergic Toxicity; 6.1. Dopamine; 6.2. Epinephrine; 7. Concluding Remarks; Acknowledgments; References; Further Reading; Chapter Three: Pesticides and Parkinson's Disease: Current Experimental and Epidemiological Evidence; 1. Introduction; 2. Epidemiological Evidence; 2.1. Studies of Occupations; 2.2. Studies of Exposure to Pesticides 
505 8 |a 3.3.1. Long-Lasting Effects and Toxicant Interactions3.3.2. Gender Differences and Genetic Determinants of Pesticide Neurotoxicity; 3.3.3. Pesticide-Induced Transcriptional Alterations; 4. Final Remarks; Acknowledgment; References; Chapter Four: Metals and Circadian Rhythms; 1. Introduction; 2. Manganese; 3. Copper; 4. Zinc; 5. Lead; 6. Mercury; 7. Aluminum; 8. Conclusion; Acknowledgments; References; Chapter Five: Aluminum and Neurodegenerative Diseases; 1. Introduction; 2. Growing Bioavailability of Aluminum in the Environment 
520 |a Environmental Factors in Neurodegenerative Diseases, Volume One addresses contemporary advances in neurotoxicology, with thematic volumes providing authoritative review articles on key issues in the field. Updates in this new volume include chapters on Air pollution and neurodegenerative diseases, Mercury and Parkinson's disease, Pesticides and PD: current evidence, Aluminum and neurodegeneration, Microglia and neurodegeneration, Dietary factors, Mitochondria in neurodegeneration, and Manganese and neurodegeneration. Edited by leading experts, volumes are designed as in-depth overviews of the latest topic developments that analyze the effect of varied chemical agents on the nervous system. It is an essential resource for researchers and graduate students alike. 
504 |a Includes bibliographical references. 
546 |a Text in English. 
650 0 |a Nervous system  |x Degeneration. 
650 0 |a Nervous system  |x Diseases  |x Environmental aspects. 
650 0 |a Neurotoxicology. 
650 1 2 |a Neurodegenerative Diseases  |x etiology 
650 2 2 |a Environmental Pollution  |x adverse effects 
650 2 2 |a Neurobehavioral Manifestations 
650 6 |a Neurotoxicologie. 
650 6 |a Système nerveux  |x Maladies  |x Aspect de l'environnement. 
650 7 |a HEALTH & FITNESS  |x Diseases  |x General.  |2 bisacsh 
650 7 |a MEDICAL  |x Clinical Medicine.  |2 bisacsh 
650 7 |a MEDICAL  |x Diseases.  |2 bisacsh 
650 7 |a MEDICAL  |x Evidence-Based Medicine.  |2 bisacsh 
650 7 |a MEDICAL  |x Internal Medicine.  |2 bisacsh 
650 7 |a Nervous system  |x Degeneration  |2 fast 
650 7 |a Neurotoxicology  |2 fast 
655 7 |a Electronic books.  |2 local 
710 2 |a ScienceDirect (Online service) 
720 |a Aschner, Michael  |4 edt 
720 |a Costa, Lucio G.  |4 edt 
758 |i has work:  |a Environmental factors in neurodegenerative diseases (Text)  |1 https://id.oclc.org/worldcat/entity/E39PCGHdhPYtpBYGtjmKQfFtcd  |4 https://id.oclc.org/worldcat/ontology/hasWork 
776 0 8 |i Print version:  |z 9780128127643  |z 0128127643  |w (OCoLC)985078857 
830 0 |a Advances in neurotoxicology ;  |v v. 1. 
856 4 0 |u http://proxy.library.tamu.edu/login?url=https://www.sciencedirect.com/science/bookseries/24687480/1  |z Connect to the full text of this electronic book  |t 0 
936 |a BATCHLOAD 
955 |a Elsevier ScienceDirect 2026-2027 
994 |a 92  |b TXA 
999 f f |i 53837d88-17f2-4a94-a138-208069204a11  |s aa5b0a2a-45e4-442c-bd2b-a567831ea572  |t 0 
952 f f |a Texas A&M University  |b College Station  |c Electronic Resources  |s www_evans  |d Available Online  |t 0  |e RC346 .E58 2017eb  |h Library of Congress classification 
998 f f |a RC346 .E58 2017eb  |t 0  |l Available Online